| 000 | 00567cam a2200205ua 4500 | ||
|---|---|---|---|
| 020 |
_a81-85542-61-9 _c200.00 |
||
| 041 |
_aeng _h |
||
| 082 |
_a028.7663 _bMAT/DI |
||
| 100 | _aMathew, Kunnumkal C . | ||
| 245 | 0 | 0 |
_aDirectory of rural technologies, Part 1 / _cMathew C Kunnumkal. _hTextual Documents |
| 250 |
_a1 / _b. |
||
| 260 |
_aHyderabad : _bNational Institute of Rural Development , _c2002. |
||
| 300 | _a316 ; . | ||
| 365 | _a200.00 | ||
| 500 | _a**Reference | ||
| 504 | _a | ||
| 700 | 1 | _aSant, Bharat R. | |
| 942 | _cBK | ||
| 999 |
_c11282 _d11282 |
||